000 01778nam a2200397 i 4500
003 peliumch
005 20260109154315.0
007 ta
008 260109t2007 |||||||gr|||| 00| 0 spa d
020 _a9788473565202
040 _aUMCH
_bspa
_cUMCH
_djmr
_erda
041 0 _aspa
043 _as-pe---
082 0 4 _a658.5/A55/2007
100 1 _aAnaya Tejero, Julio Juan.
_eAutor.
245 _aInnovación y mejora de procesos logísticos :
_bAnálisis, diagnostico e implantación de sistemas logísticos /
_cJulio Juan Anaya Tejero
250 _aSegunda edición.
264 1 _aMadrid :
_bESIC,
_c2007
264 4 _c©2007
300 _a228 páginas ;
_bilustraciones, tablas, diagramas
_c24 cm.
505 _gCapitulo 1:
_tLa cadena de suministro y la cadena logística--
_gCapitulo 2:
_tFilosofía de la gestión integral de la cadena--
_gCapitulo 3:
_tEl papel de la informática en el desarrollo logístico de la empresa--
_gCapitulo 4:
_tLa excelente logística--
_gCapitulo 5:
_t¿Por qué un diagnóstico logístico?--
_gCapitulo 6:
_tTécnicas y métodos aplicables al análisis--
_gCapitulo 7:
_tEtapas previas para un diagnóstico logístico--
_gCapitulo 8:
_tAnálisis de la situación logística--
_gCapitulo 9:
_tCómo afrontar un plan de mejora logística.
521 _aRecomendado para un público general.
650 1 4 _aLogística
650 2 4 _aConceptos fundamentales
650 2 4 _aFilosofía
650 2 4 _aInformática
650 2 4 _aMétodos
650 2 4 _aDiagnóstico
650 2 4 _aAnálisis de la situación
700 1 _aPolanco Martín, Sonia.
_eAutora.
942 _2ddc
_cLIB
_n0
999 _c53566
_d53566